LIBRARY & INFORMATION CENTRE, KCAET, TAVANUR

ONLINE PUBLIC ACCESS CATALOGUE (OPAC)

Code of practice for sub surface exploration by pits, trenches, drifts and shafts, IS 4453-1980 / (Record no. 7726)

MARC details
000 -LEADER
fixed length control field 01034cam a2200181ua 4500
041 ## - LANGUAGE CODE
Language code of text/sound track or separate title eng
082 ## - DEWEY DECIMAL CLASSIFICATION NUMBER
Classification number 622.142
Item number IND/CO
245 ## - TITLE STATEMENT
Title Code of practice for sub surface exploration by pits, trenches, drifts and shafts, IS 4453-1980 /
250 ## - EDITION STATEMENT
Edition statement 1 /
260 ## - PUBLICATION, DISTRIBUTION, ETC. (IMPRINT)
Place of publication New Delhi :
Name of publisher Indian Standards Institution ,
Year of publication 1980.
300 ## - PHYSICAL DESCRIPTION
Number of Pages 18 ; .
942 ## - ADDED ENTRY ELEMENTS (KOHA)
Koha item type Books
Holdings
Withdrawn status Lost status Damaged status Home library Current library Date acquired Full call number Accession Number Koha item type
      KAUAET KAUAET 07/04/2012 622.142 17172 Standards
free website counter